| 000 -LEADER |
| fixed length control field |
00949nam a22002297a 4500 |
| 005 - DATE AND TIME OF LATEST TRANSACTION |
| control field |
20240423103347.0 |
| 008 - FIXED-LENGTH DATA ELEMENTS--GENERAL INFORMATION |
| fixed length control field |
240423s2009 enk||||| |||| 00| 0 eng d |
| 020 ## - INTERNATIONAL STANDARD BOOK NUMBER |
| International Standard Book Number |
9780071447874x |
| 041 ## - LANGUAGE CODE |
| Language code of text/sound track or separate title |
eng |
| 080 ## - UNIVERSAL DECIMAL CLASSIFICATION NUMBER |
| Universal Decimal Classification number |
616-61 C-95 |
| 245 ## - TITLE STATEMENT |
| Title |
CURRENT Diagnosis & Treatment Nephrology & Hypertension / |
| Statement of responsibility, etc. |
Edited Edger Lerma, Jeffrey S. Berns, Allen R. Nissenson. |
| 264 ## - PRODUCTION, PUBLICATION, DISTRIBUTION, MANUFACTURE, AND COPYRIGHT NOTICE |
| Place of production, publication, distribution, manufacture |
New York : |
| Name of producer, publisher, distributor, manufacturer |
McGraw Hill, |
| Date of production, publication, distribution, manufacture, or copyright notice |
2009. |
| 300 ## - PHYSICAL DESCRIPTION |
| Extent |
574 p.: |
| Other physical details |
ill.; |
| Dimensions |
24 cm. |
| 653 ## - INDEX TERM--UNCONTROLLED |
| keyword |
ნეფროლოგია |
| 653 ## - INDEX TERM--UNCONTROLLED |
| keyword |
დიაგნოსტიკა და მკურნალობა |
| 653 ## - INDEX TERM--UNCONTROLLED |
| keyword |
ნეფროლოგია და ჰიპერტენზია |
| 653 ## - INDEX TERM--UNCONTROLLED |
| keyword |
მედიცინა |
| 700 ## - ADDED ENTRY--PERSONAL NAME |
| Personal name |
Lerma, Edger |
| Relator term |
რედაქტორი |
| 9 (RLIN) |
21914 |
| 700 ## - ADDED ENTRY--PERSONAL NAME |
| Personal name |
Berns, Jeffrey S. |
| Relator term |
რედაქტორი |
| 9 (RLIN) |
21915 |
| 700 ## - ADDED ENTRY--PERSONAL NAME |
| Personal name |
Nissenson, Allen R. |
| Relator term |
რედაქტორი |
| 9 (RLIN) |
21916 |
| 942 ## - ADDED ENTRY ELEMENTS (KOHA) |
| Source of classification or shelving scheme |
|
| Koha item type |
წიგნი |